000 01048nas a2200337 4500
001 BR0500746
003 BR-BrBNA
005 20231205105154.0
007 ta
008 230509b bl.|||p| |||| 00| 00por d
040 _aBR-BrBNA
_bpor
_cBiblioteca Nacional de Agricultura
041 _a(Pt)
072 _aF02; F30
100 1 _aPrudente, R.M.
100 1 _aSilva, L.M.S. da
100 1 _aCunha Sobrinho, A.P. da
245 1 _aComportamento da laranjeira "Pêra" sobre cinco porta-enxertos em ecossistema de tabuleiros costeiros, Umbaúba-SE
650 _aLARANJA
650 _aLIMÃO CRAVO
650 _aLIMÃO RUGOSO
650 _aTANGERINA
650 _aPORTA ENXERTO
650 _aMÉTODO ESTATÍSTICO
650 _aCOMPOSIÇÃO DE ALIMENTO
650 _aCOMPORTAMENTO DE VARIEDADE
650 _aRENDIMENTO
650 _aSERGIPE
773 0 _tRevista Brasileira de Fruticultura (Brazil)
_xISSN 0100-2945
_g(Apr 2004), v. 26(1) p. 110-112
_wBR0500746
909 _a202311
_bLúcia
_c55
_dLúcia Elande
942 _2AGRIS
_n0
_cANA
999 _c181597
_d181597